书目信息 |
| 题名: |
汉英图书馆词汇
|
|
| 作者: | 江文忠 , 陆志民 编 | |
| 分册: | ||
| 出版信息: | 上海 上海外语教育出版社 1994.04 |
|
| 页数: | 327页 | |
| 开本: | 32开 | |
| 丛书名: | ||
| 单 册: | ||
| 中图分类: | G25 | |
| 科图分类: | ||
| 主题词: | 图书馆学 , 图书馆事业 | |
| 电子资源: | ||
| ISBN: | 7-81009-700-8 | |
| 000 | 00616nam0 2200217 45 | |
| 001 | 0010031109 | |
| 005 | 20001003111248.1 | |
| 010 | @a7-81009-700-8@d12.50元 | |
| 100 | @a20001003d1994 km y0chiy0120 ea | |
| 101 | 0 | @achi |
| 105 | @a z 000yy | |
| 200 | 1 | @a汉英图书馆词汇@AHan Ying Tu Shu Guan Ci Hui@f江文忠,陆志民编@FJiang Wen Zhong,Lu Zhi Min Bian |
| 210 | @a上海@c上海外语教育出版社@d1994.04 | |
| 215 | @a327页@d32开 | |
| 606 | 0 | @a图书馆学 |
| 606 | 0 | @a图书馆事业 |
| 690 | @aG25@v3 | |
| 701 | 0 | @a江文忠@4编 |
| 701 | 0 | @a陆志民@4编 |
| 801 | @aCN@bPftUser@c20001003 | |
| 905 | @b163287-288@dG25@eJ979@f2 | |
| 汉英图书馆词汇/江文忠,陆志民编.-上海:上海外语教育出版社,1994.04 |
| 327页;32开 |
| ISBN 7-81009-700-8:12.50元 |
| ● |
| 相关链接 |
|
|
|
正题名:汉英图书馆词汇
索取号:G25/J979
 
预约/预借
| 序号 | 登录号 | 条形码 | 馆藏地/架位号 | 状态 | 备注 |
| 1 | 163287 | 201632876 | 社科库409/409社科库 58排7列1层/ [索取号:G25/J979] | 在馆 | |
| 2 | 163288 | 201632885 | 社科库409/409社科库 58排7列2层/ [索取号:G25/J979] | 在馆 |